| 000 -LEADER |
| fixed length control field |
00755nam a22002057a 4500 |
| 005 - DATE AND TIME OF LATEST TRANSACTION |
| control field |
20260309170725.0 |
| 008 - FIXED-LENGTH DATA ELEMENTS--GENERAL INFORMATION |
| fixed length control field |
260309s2014 enk||||| |||| 00| 0 eng d |
| 020 ## - INTERNATIONAL STANDARD BOOK NUMBER |
| International Standard Book Number |
9781568365510x |
| 041 ## - LANGUAGE CODE |
| Language code of text/sound track or separate title |
eng |
| 080 ## - UNIVERSAL DECIMAL CLASSIFICATION NUMBER |
| Universal Decimal Classification number |
159.922.4(=521) :316.472(520) |
| 100 ## - MAIN ENTRY--PERSONAL NAME |
| Personal name |
Doi, Takeo. |
| 9 (RLIN) |
27090 |
| 245 ## - TITLE STATEMENT |
| Title |
The anatomy of dependence / |
| Statement of responsibility, etc. |
Takeo Doi; transl. by John Bester. |
| 264 ## - PRODUCTION, PUBLICATION, DISTRIBUTION, MANUFACTURE, AND COPYRIGHT NOTICE |
| Place of production, publication, distribution, manufacture |
Tokyo : |
| Name of producer, publisher, distributor, manufacturer |
Kodansha USA, |
| Date of production, publication, distribution, manufacture, or copyright notice |
2014. |
| 300 ## - PHYSICAL DESCRIPTION |
| Extent |
180 p. ; |
| Other physical details |
19 cm. |
| 500 ## - GENERAL NOTE |
| General note |
Bibliog.: p. 176-180. |
| 653 ## - INDEX TERM--UNCONTROLLED |
| keyword |
იაპონური ეროვნული ხასიათი |
| 653 ## - INDEX TERM--UNCONTROLLED |
| keyword |
იაპონელთა ეთნოფსიქოლოგია |
| 653 ## - INDEX TERM--UNCONTROLLED |
| keyword |
იაპონური საზოგადოება |
| 942 ## - ADDED ENTRY ELEMENTS (KOHA) |
| Source of classification or shelving scheme |
|
| Koha item type |
წიგნი |